| 000 | 00419nam a22001697a 4500 | ||
|---|---|---|---|
| 005 | 20230926113919.0 | ||
| 008 | 230926b |||||||| |||| 00| 0 eng d | ||
| 082 |
_a345.491022 _bRIZ-C |
||
| 100 | _aRizvi talib h. | ||
| 245 | _aComplete digest on Constitution of Pakistan, 1973 | ||
| 260 |
_aPakistan _bGems law _c1994 |
||
| 300 | _a2774 | ||
| 490 | _v15 | ||
| 650 | _aLAW | ||
| 700 | _aTalib h. rizvi | ||
| 999 |
_c33704 _d33704 |
||